000 01969nam a22003017a 4500
999 _c61403
_d61403
003 Ge_BSU
005 20240306171719.0
008 240306s2024 ge ||||| |||| 00| 0 geo d
020 _a9789941861901
041 _ageo
080 _a339.9(479.22) ს-32
100 _aვეშაპიძე, შოთა
_921348
245 _aსაქართველოს თანამედროვე საერთაშორისო ეკონომიკური ურთიერთობები :
_bმონოგრაფია /
_cს. ვეშაპიძე, ლ. ბახტაძე, რ. ფუტკარაძე [და სხვა]; შოთა ვეშაპიძის საერთო რედაქციით; რედაქტორი თეიმურაზ შენგელია.
264 _aთბილისი :
_c2024.
300 _a204 გვ. :
_bნახ., ცხრ. ;
_c24 სმ.
500 _aგარეკანი ქართულ და ინგლისურ ენებზე.
504 _aბიბლიოგრაფია: გვ. 181-196.
700 _aბახტაძე, ლელა
_e ავტორი
_921349
700 _aფუტკარაძე, რამაზ
_eავტორი
_921350
700 _aხარიტონაშვილი, ჯემალ
_e ავტორი
_921351
700 _aდანელია, ირაკლი
_eავტორი
_914542
700 _aდანელია, ირაკლი
_eავტორი
_914542
700 _aდანელია, ირაკლი,
_eავტორი
_914542
700 _aლომინაშვილი, მიხეილ
_eავტორი
_921352
700 _aშენგელია, თეიმურაზ
_eრედაქტორი
_921353
700 _aჩანტლაძე, ნანუკა
_eავტორი
_921354
942 _2udc
_cᲬᲘᲒᲜᲘ